ბათუმის შოთა რუსთაველის სახელმწიფო უნივერსიტეტის ბიბლიოთეკა

თვალი პატიოსანი (ბიბ.ჩანაწერი № 46889)

000 -LEADER
fixed length control field 00609nam a2200205Ia 4500
001 - CONTROL NUMBER
control field 13742
003 - CONTROL NUMBER IDENTIFIER
control field GE_BSU
008 - FIXED-LENGTH DATA ELEMENTS--GENERAL INFORMATION
fixed length control field 181216s||||||||xx |||||||||||||| ||und||
040 ## - CATALOGING SOURCE
Transcribing agency GE_BSU
080 ## - UNIVERSAL DECIMAL CLASSIFICATION NUMBER
Universal Decimal Classification number 821.353.1-31
100 ## - MAIN ENTRY--PERSONAL NAME
Personal name ფანჯიკიძე,გ.
245 ## - TITLE STATEMENT
Title თვალი პატიოსანი
245 ## - TITLE STATEMENT
Statement of responsibility, etc. რედ.ს.ჭილაია.მხატვ.ზ.ფორჩხიძე
260 ## - PUBLICATION, DISTRIBUTION, ETC.
Place of publication, distribution, etc. თბილისი
260 ## - PUBLICATION, DISTRIBUTION, ETC.
Name of publisher, distributor, etc. მერანი
260 ## - PUBLICATION, DISTRIBUTION, ETC.
Date of publication, distribution, etc. 1972
300 ## - PHYSICAL DESCRIPTION
Extent 278გვ.19სმ.
653 ## - INDEX TERM--UNCONTROLLED
Uncontrolled term თვალი პატიოსანი
942 ## - ADDED ENTRY ELEMENTS (KOHA)
Koha item type წიგნი
ეგზემპლარები
Withdrawn status Lost status Damaged status Not for loan Date acquired Barcode Date last seen Price effective from Koha item type
        2018-12-17 37147 2018-12-17 2018-12-17 წიგნი